|
|
|
|
| LEADER |
01184nam a2200277 i 4500 |
| 001 |
c000001221 |
| 003 |
CARM |
| 005 |
00000000000000.0 |
| 008 |
810326r19801970miu b 00000deng d |
| 019 |
1 |
|
|a 2565115
|5 LACONCORD2021
|
| 035 |
|
|
|a (OCoLC)220265791
|5 LACONCORD2021
|
| 100 |
1 |
|
|a Topper, David R.
|q (David Roy),
|d 1943-.
|
| 245 |
1 |
0 |
|a J.J. Thomson and Maxwell's electromagnetic theory. by David R. Topper.
|
| 260 |
|
|
|a Ann Arbor, Mich. :
|b University Microfilms International,
|c 1980.
|
| 300 |
|
|
|a vii, 184 p. ;
|c 21 cm.
|
| 500 |
|
|
|a Photoreproduction in reduced format of typescript originally presented 1970.
|
| 500 |
|
|
|a Order no.: 71-19,065.
|
| 502 |
|
|
|a Thesis (Ph.D.)--Case Western Reserve University, 1970.
|
| 504 |
|
|
|a Bibliography: leaves [175]-184.
|
| 600 |
1 |
0 |
|a Maxwell, James Clerk,
|d 1831-1879,
|
| 600 |
1 |
0 |
|a Thomson, J.J.,
|c Sir
|q (Joseph John),
|d 1856-1940.
|
| 650 |
|
0 |
|a Electromagnetic theory.
|
| 852 |
8 |
|
|b CARM
|h A2:AL19D0
|i C05072
|p 0204692
|f BK
|
| 082 |
0 |
4 |
|a 530.141
|2 19
|
| 999 |
f |
f |
|i 8d19d744-a6e2-5357-9006-47b5d06161a3
|s 9da909df-4ef3-54f1-a62a-da52c993cb06
|
| 952 |
f |
f |
|p Can circulate
|a CAVAL
|b CAVAL
|c CAVAL
|d CARM 1 Store
|e C05072
|f A2:AL19D0
|h Other scheme
|i book
|m 0204692
|